Los 25000 mejores versos de la lengua castellana (Registro nro. 14476)

Detalles MARC
000 -LIDER
fixed length control field 00718nam a22002291i 4500
001 - NÚMERO DE CONTROL
Identificador de número de control bimo0001553616
003 - IDENTIFICACDOR DE NÚMERO DE CONTROL
control field SpMaBN
005 - DATE AND TIME OF LATEST TRANSACTION
control field 20231011112627.0
008 - ELEMENTOS DE LONGITUD FIJA
fixed length control field 000401s1976 sp spa
040 ## - FUENTE DE CATALOGACIÓN
Agencia que crea de manera original el registro BPMSU
Idioma de catalogación spa
Agencia que realiza la transcripción BPMSU
082 #4 - NÚMERO DE CLASIFICACIÓN DECIMAL DE DEWEY
Classification number 861.08
Item number V427m 1978
Edition number 22
245 04 - MENCIÓN DE TITULO
Título Los 25000 mejores versos de la lengua castellana
246 13 - VARIACION DEL TÍTULO
Título propiamente dicho o título corto Los veinticinco mil mejores versos de la lengua castellana
260 ## - PUBLICACIÓN, DISTRIBUCIÓN, ETC. (PIE DE IMPRENTA)
Lugar de publicación, distribución, etc Barcelona
Nombre del editor, distribuidor, etc. Círculo de Lectores,
Fecha de publicación, distribución, etc 1976
300 ## - DESCRIPCIÓN FÍSICA
Extensión 473 p. ;
Dimensiones 20 cm
490 0# - MENCIÓN DE SERIES
Mención de serie Pequeño tesoro
590 ## - NOTA LOCAL
Texto de la nota local Inventariado, 2023/VM
650 #4 - ENCABEZAMIENTO DE MATERIA--TEMÁTICO
Término temático o nombre geográfico como elemento de entrada Poesías españolas
Fuente del encabezamiento o término
650 #4 - ENCABEZAMIENTO DE MATERIA--TEMÁTICO
Término temático o nombre geográfico como elemento de entrada Poesías hispanoamericanas
Fuente del encabezamiento o término
910 ## - VALIDACIÓN
Validación VMateo V. Control de calidad. BPMSU
942 ## - ADDED ENTRY ELEMENTS (KOHA)
Source of classification or shelving scheme Dewey Decimal Classification
Koha item type Libros
Existencias
Withdrawn status Lost status Source of classification or shelving scheme Damaged status Not for loan Home library Current library Date acquired Total Checkouts Full call number Barcode Date last seen Price effective from Koha item type
    Dewey Decimal Classification     Biblioteca Pública Metropolitana Salomé Ureña Biblioteca Pública Metropolitana Salomé Ureña 10/11/2023   BPMSU CG 861.08 V427m 1978 BPMSU23100020 10/11/2023 10/11/2023 Libros